000 00889nam a22002417a 4500
999 _c9329
_d9329
003 GBCCL
005 20241126110710.0
008 221010b ||||| |||| 00| 0 eng d
020 _a9781842270363
020 _a1842270362
040 _cGBC
082 _a225.6
_bGOL
100 _aGoldsworthy, Graeme
_9356
245 _aThe Goldsworthy Trilogy
260 _aBucks, UK :
_bPaternoster Publishing,
_c2000
300 _a575p
505 _aGospel and kingdom : a Christian interpretation of the Old Testament The Gospel in Revelation : gospel and apocalypse Gospel and wisdom : Israel's wisdom literature in the Christian life
650 _aBible.
_vNew Testament
_97309
650 _aBible.
_vNew Testament Relation to the Old Testament
_916258
650 _aBible.
_vOld Testament
_96826
650 _aBible.
_vOld Testament Criticism, interpretation, etc
_916259
942 _2ddc
_cBK